000 01176cam a22003854a 4500
001 4671
003 FISKH
005 20240919145227.0
008 990106r1999 nyua b 000 0 eng
010 _a 99011610
020 _a0789440059 (hard)
020 _a9781465409423
020 _a0789440040 (pbk.)
020 _a9781465409430
040 _aDLC
_cDLC
_dDLC
_beng
050 _aGV1787.G75
082 _a792.8
100 1 _aGrindley, Sally.
245 1 4 _aThe little ballerina /
_cwritten by Sally Grindley.
250 _aThis edition published in 2013
260 _aNew York :
_bDK Publishing,
_c1999.
300 _a32 pages :
_bcolor illustrations ;
_c23 cm
440 0 _aEyewitness readers.
_nLevel 2
505 _aM
520 _aFollows the activities of a group of young students in their ballet class as they prepare for a show.
521 8 _a560
_bLexile
521 8 _aM
_bRaz-Plus
650 0 _aBallet
_xJuvenile literature.
650 0 _aBallet dancing
_xJuvenile literature.
650 1 _aBallet.
650 1 _aBallet dancing.
906 _a7
_bcbc
_corignew
_d1
_eocip
_f19
_gy-gencatlg
942 _2ddc
_cBK
_n0
999 _c4671
_d4671